| 000 | 00812nam a2200265 i 4500 | ||
|---|---|---|---|
| 003 | DO-SdBNP | ||
| 005 | 20250617150321.0 | ||
| 007 | ta | ||
| 008 | 250617t1993 ck 000 0 spa d | ||
| 020 | _a9586143848 | ||
| 040 |
_aDO-SdBNP _bspa _cBNPHU _erda |
||
| 082 |
_a972.8 _bA674 _222 |
||
| 100 |
_aArciniegas, German, _d1900-1999 _eautor _4aut. _925387 |
||
| 245 | 1 | 0 |
_aBiografía del Caribe / _cGermán Arciniegas |
| 264 | 1 |
_aBogotá, Colombia : _bPlaneta Colombiana Editorial, _c1993. |
|
| 300 |
_a501 páginas _c21 cm. |
||
| 336 |
_atexto _btxt _2rdacontent |
||
| 337 |
_asin mediación _bn _2rdamedia |
||
| 338 |
_avolumen _bnc _2rdacarrier |
||
| 504 | _aBibliografía p: 493-501. | ||
| 590 | _aInventariado, 2025/ YL | ||
| 651 |
_aCaribe (Región) _xHistoria |
||
| 910 | _aYLockward | ||
| 942 |
_2ddc _cLBS1 |
||
| 999 |
_c59323 _d59323 |
||